| Поле | Название | Значение |
| |
Тип записи |
a |
| |
Библиографический уровень |
m |
| 001 |
Контрольный номер |
RU/УОНБ/EK_N/614887981 |
| 005 |
Дата корректировки |
20240131005119.7 |
| 013 |
Номер (ISMN) |
__ |
| d |
Цена |
3 р. 02 к. |
| 071 |
Издательские номер (звукозапись и ноты) |
21 |
| a |
Номер, присвоенный агентством |
9982 |
| 100 |
Данные общей обработки |
__ |
| a |
Данные общей обработки |
20190626d1980 u y0rusy0189||||ca |
| 101 |
Язык документа |
0_ |
| a |
Язык текста |
ger |
| f |
Язык титульного листа |
ger |
| 102 |
Страна публикации |
__ |
| a |
Страна публикации |
DE |
| 105 |
Кодированные данные (монография) |
__ |
| a |
Кодированные данные (монография) |
y###||||000|y |
| 125 |
Кодированные данные звукозаписи и нотных изданий |
__ |
| a |
Форма изложения нотного текста |
с| |
| 128 |
Кодированные данные (звукозаписи-физические характеристики) |
__ |
| a |
Кодированные данные: Музыкальная форма и тональность или лад |
zz |
| c |
Инструменты или голоса, рекомендуемые для солистов (устаревшее) |
ka|| |
| 200 |
Заглавие и сведения об ответственности |
1_ |
| a |
Заглавие |
Band 2 |
| 215 |
Физическое описание |
__ |
| a |
Объем |
116 с. |
| 327 |
Примечание о содержании |
11 |
| a |
Примечание о содержании |
Содерж. : Capriccio : ор. 5. - Sieben Charakterstucke : ор. 7. - Rondo Capriccioso : ор. 14. - Trois Fantaisies ou Caprices : ор. 16. - Trois Caprices : ор. 33. - Andante Cantabile e Presto Agitato. - Sechs Kinderstucke : ор. 72. |
| 461 |
Уровень набора |
_0 |
| 1 |
|
001RU/УОНБ/EK_N/614887401 |
| 1 |
|
200 |
| a |
|
Klavierwerke |
| b |
|
Ноты |
| d |
|
Произведения для фортепиано |
| f |
|
Mendelssohn |
| g |
|
hrsg T. Kullak |
| v |
|
Band 2 |
| 1 |
|
210 |
| a |
|
Leipzig |
| c |
|
Edition Peters |
| 1 |
|
225 |
| a |
|
Edition Peters |
| v |
|
Nr. 1704 b |
| 464 |
Аналитический уровень |
_0 |
| 1 |
|
2001 |
| a |
|
Capriccio |
| e |
|
ор. 5 |
| 464 |
Аналитический уровень |
_0 |
| 1 |
|
2001 |
| a |
|
Sieben Charakterstucke |
| e |
|
ор. 7 |
| 464 |
Аналитический уровень |
_0 |
| 1 |
|
2001 |
| a |
|
Rondo Capriccioso |
| e |
|
ор. 14 |
| 464 |
Аналитический уровень |
_0 |
| 1 |
|
2001 |
| a |
|
Trois Fantaisies ou Caprices |
| e |
|
ор. 16 |
| 464 |
Аналитический уровень |
_0 |
| 1 |
|
2001 |
| a |
|
Trois Caprices |
| e |
|
ор. 33 |
| 464 |
Аналитический уровень |
_0 |
| 1 |
|
2001 |
| a |
|
Andante Cantabile e Presto Agitato |
| 464 |
Аналитический уровень |
_0 |
| 1 |
|
2001 |
| a |
|
Sechs Kinderstucke |
| e |
|
ор. 72 |
| 512 |
Заглавие обложки |
1_ |
| a |
Заглавие обложки |
Klavierwerke |
| 600 |
Персоналии |
_1 |
| a |
Персоналии (Фамилия) |
Mendelssohn Bartholdy, Felix |
| 606 |
Тематические рубрики |
0_ |
| a |
Основная рубрика |
Фортепианная музыка зарубежная |
| x |
Основная подрубрика |
Произведения |
| 610 |
Ключевые слова |
0_ |
| a |
Ключевые слова |
фортепиано |
| 610 |
Ключевые слова |
0_ |
| a |
Ключевые слова |
произведения |
| 610 |
Ключевые слова |
0_ |
| a |
Ключевые слова |
Mendelssohn Bartholdy F. |
| 686 |
Индексы других классификаций |
__ |
| a |
Классификационный индекс |
85.954.2(3)я44 |
| 2 |
Код системы |
rubbk |
| 801 |
Источник записи |
_0 |
| a |
Страна |
RU |
| b |
Организация |
Ульяновская ОНБ |
| c |
Дата составления |
20190626 |
| g |
Правила каталогизации |
RCR |
| 801 |
Источник записи |
_1 |
| a |
Страна |
RU |
| b |
Организация |
Ульяновская ОНБ |
| c |
Дата составления |
20190626 |
| g |
Правила каталогизации |
RCR |
| 901 |
Тип документа |
__ |
| t |
Тип документа |
n |
| w |
Контрольный № источника |
RU/УОНБ/EK_N/614887401 |
| 909 |
Создатель записи |
__ |
| a |
Создатель записи |
Лобина Л. И. |
| 938 |
Служебная информация |
__ |
| a |
Имя БД |
noti |
| b |
Имя библиотеки |
УОНБ |
| c |
Имя АИБС |
МАРК-SQL |
| d |
Номер DOC_ID в БД |
20780 |